[Event "North American Open"]
[Site "Las Vegas"]
[Date "2007.12.29"]
[Round "6"]
[White "Friedel, Joshua"]
[Black "Kleiman, Jake"]
[Result "0-1"]
[WhiteElo "2537"]
[BlackElo "2355"]
[PlyCount "70"]
[EventDate "2007.12.??"]
[Source "MonRoi"]

1. d4 d5 2. c4 c6 3. Nf3 Nf6 4. Nc3 e6 5. Bg5 h6 6. Bxf6 Qxf6 7. g3 Nd7 8. Bg2
dxc4 9. O-O g6 10. a4 Bg7 11. a5 O-O 12. e3 e5 13. Qe2 exd4 14. exd4 c5 15. d5
b5 16. axb6 Nxb6 17. Nd2 h5 18. Nde4 Qe5 19. Rfe1 Bg4 20. Qe3 Nd7 21. d6 Rab8
22. Qc1 Qf5 23. Rxa7 Ne5 24. Nd5 Nf3+ 25. Bxf3 Qxf3 26. Re3 Bxb2 27. Nef6+ Kg7
28. Rxf3 Bxc1 29. Nxg4 hxg4 30. Rc3 Bb2 31. Rxc4 Bd4 32. Rc2 Rfe8 33. Kg2 Re6
34. d7 Rd6 35. Re2 Rxd5 0-1

[Event "North American Open"]
[Site "Las Vegas"]
[Date "2007.12.29"]
[Round "6"]
[White "Akopian, Robert"]
[Black "Karklins, Andrew"]
[Result "0-1"]
[WhiteElo "2170"]
[BlackElo "2301"]
[PlyCount "50"]
[EventDate "2007.12.??"]
[Source "MonRoi"]

1. e4 e5 2. Nf3 f5 3. Nc3 Nf6 4. Nxe5 d6 5. Nc4 fxe4 6. d4 d5 7. Ne5 Bd6 8. Bg5
c6 9. Be2 O-O 10. Qd2 Qc7 11. f4 exf3 12. Nxf3 Ng4 13. O-O Bxh2+ 14. Kh1 Be6
15. Bd3 Nd7 16. Be7 Ndf6 17. Bxf6 Rxf6 18. Ng5 Rh6 19. Nh3 Bg1 20. Qf4 Qxf4 21.
Rxf4 Be3 22. Ne2 Bxf4 23. Nexf4 Nf2+ 24. Kh2 Bxh3 25. gxh3 Rf8 0-1

[Event "North American Open"]
[Site "Las Vegas"]
[Date "2007.12.29"]
[Round "6"]
[White "Hanken, Jerome"]
[Black "Alsasua, Eleuterio"]
[Result "1/2-1/2"]
[WhiteElo "2200"]
[BlackElo "2100"]
[PlyCount "65"]
[EventDate "2007.12.??"]
[Source "MonRoi"]

1. c4 e5 2. g3 Nc6 3. Bg2 f5 4. Nc3 Nf6 5. e3 Bb4 6. Nd5 e4 7. Ne2 Nxd5 8. cxd5
Ne5 9. a3 Be7 10. O-O O-O 11. b4 Bf6 12. Nd4 Qe8 13. d6 cxd6 14. Rb1 Be7 15.
Bb2 Kh8 16. Nb5 Qg6 17. Nc7 Rb8 18. Nd5 Bd8 19. a4 b6 20. Nf4 Qf7 21. d3 Bb7
22. dxe4 Nc4 23. exf5 Nxb2 24. Rxb2 Bxg2 25. Kxg2 Qxf5 26. Qxd6 Bf6 27. Rd2 Bc3
28. Rd5 Qe4+ 29. f3 Qc2+ 30. Rf2 Qxa4 31. Rh5 Bxb4 32. Qg6 h6 33. Rxh6+ 1/2-1/2

[Event "North American Open"]
[Site "Las Vegas"]
[Date "2007.12.29"]
[Round "6"]
[White "Martinez, Leonardo"]
[Black "Acon, Jennifer"]
[Result "1/2-1/2"]
[WhiteElo "2222"]
[BlackElo "1834"]
[PlyCount "82"]
[EventDate "2007.12.??"]
[Source "MonRoi"]

1. e4 c6 2. d4 d5 3. Nc3 dxe4 4. Nxe4 Bf5 5. Ng3 Bg6 6. Nf3 Nd7 7. h4 h6 8. h5
Bh7 9. Bd3 Bxd3 10. Qxd3 e6 11. Bf4 Bb4+ 12. c3 Be7 13. O-O-O Qa5 14. Kb1 Ngf6
15. Ne5 O-O 16. Qe2 Rfd8 17. Ne4 Nxe4 18. Qxe4 Nxe5 19. Bxe5 Bd6 20. Bxd6 Rxd6
21. Rd3 Rd5 22. g4 Rg5 23. Qe2 Qa4 24. f4 Ra5 25. b3 Qa3 26. Qd2 Qe7 27. Rg1
Rd5 28. Rdg3 Rad8 29. g5 hxg5 30. Rxg5 Rxg5 31. fxg5 Rd5 32. Qe3 a5 33. Kb2 c5
34. dxc5 Qxc5 35. Qxc5 Rxc5 36. c4 Rf5 37. Kc3 Rf2 38. a3 Rf3+ 39. Kc2 Rf2+ 40.
Kc3 Rf3+ 41. Kc2 Rf2+ 1/2-1/2

[Event "North American Open"]
[Site "Las Vegas"]
[Date "2007.12.29"]
[Round "7"]
[White "Mitkov, Nikola"]
[Black "Shmelov, Denys"]
[Result "0-1"]
[WhiteElo "2590"]
[BlackElo "2393"]
[PlyCount "88"]
[EventDate "2007.12.??"]
[Source "MonRoi"]

1. e4 e6 2. Nc3 d5 3. d4 Nf6 4. e5 Nfd7 5. f4 c5 6. Nf3 Nc6 7. Be3 Qb6 8. Be2
cxd4 9. Nxd4 Bc5 10. Na4 Qa5+ 11. c3 Nxd4 12. Bxd4 Bxd4 13. Qxd4 b6 14. Bd1 Ba6
15. b4 Qb5 16. Nb2 Qc6 17. Ba4 Qc7 18. Kf2 Rc8 19. Rac1 Bc4 20. a3 b5 21. Nxc4
Qxc4 22. Qxc4 Rxc4 23. Bxb5 Rxf4+ 24. Kg3 Re4 25. c4 Ke7 26. cxd5 Nxe5 27. Rhd1
exd5 28. Rc7+ Ke6 29. Rxa7 Rc8 30. Ra6+ Kf5 31. h3 Re3+ 32. Kf2 Ke4 33. Rd6
Rc2+ 34. Kg1 Rg3 35. Re1+ Kd4 36. Be2 Rxa3 37. Rd1+ Ke4 38. Re1 Re3 39. Kf1 d4
40. b5 d3 41. Bd1 Rxe1+ 42. Kxe1 Rxg2 43. Bb3 Ke3 44. Kf1 Rf2+ 0-1

[Event "North American Open"]
[Site "Las Vegas"]
[Date "2007.12.29"]
[Round "7"]
[White "Kraai, Jesse"]
[Black "Adamson, Robby"]
[Result "1-0"]
[WhiteElo "2570"]
[BlackElo "2365"]
[PlyCount "59"]
[EventDate "2007.12.??"]
[Source "MonRoi"]

1. Nf3 Nf6 2. c4 Nc6 3. d4 e6 4. g3 d5 5. Bg2 dxc4 6. O-O Rb8 7. Nc3 b5 8. Ne5
Nxe5 9. dxe5 Nd7 10. Qd4 a6 11. Rd1 c5 12. Qf4 Qc7 13. a4 Be7 14. axb5 axb5 15.
Qg4 g6 16. Bh6 Rg8 17. f4 Qb6 18. Bg5 h5 19. Qh4 Bxg5 20. Qxg5 Qc7 21. Ne4 Kf8
22. Nf6 Nxf6 23. Qxf6 Bd7 24. Rd6 Be8 25. Rxe6 Qd8 26. Rd6 Qe7 27. Bd5 Rc8 28.
Qxe7+ Kxe7 29. Ra7+ Kf8 30. e6 1-0

[Event "North American Open"]
[Site "Las Vegas"]
[Date "2007.12.29"]
[Round "7"]
[White "Beelby, Matthew"]
[Black "Garcia, Gildardo"]
[Result "0-1"]
[WhiteElo "2324"]
[BlackElo "2512"]
[PlyCount "80"]
[EventDate "2007.12.??"]
[Source "MonRoi"]

1. c4 e5 2. Nc3 Nf6 3. Nf3 Nc6 4. d3 d5 5. cxd5 Nxd5 6. e3 Be7 7. Be2 O-O 8.
O-O Be6 9. Bd2 Ndb4 10. Qb1 Bg4 11. a3 Bxf3 12. gxf3 Nd5 13. Kh1 Kh8 14. Rg1 f5
15. b4 Bf6 16. Nxd5 Qxd5 17. Qa2 Qd7 18. Rac1 Ne7 19. Qc4 c6 20. Bc3 Nc8 21.
Rg2 Nd6 22. Qb3 Rae8 23. Rcg1 f4 24. Rg4 Nf5 25. e4 Nd4 26. Qb2 Rd8 27. Bd1 Qe6
28. a4 Rd7 29. b5 cxb5 30. Bxd4 Rxd4 31. Qxb5 Qe7 32. Qb3 Rc8 33. Be2 Rb4 34.
Qa2 Qd7 35. Bd1 a5 36. Bc2 Rb6 37. d4 exd4 38. Rxf4 d3 39. Bd1 Rb2 40. Qa1 Qd4
0-1

[Event "North American Open"]
[Site "Las Vegas"]
[Date "2007.12.29"]
[Round "7"]
[White "Nita, Marian"]
[Black "Acon, Jennifer"]
[Result "1/2-1/2"]
[WhiteElo "2164"]
[BlackElo "1834"]
[PlyCount "112"]
[EventDate "2007.12.??"]
[Source "MonRoi"]

1. d4 Nf6 2. Bg5 c6 3. Nd2 d5 4. e3 h6 5. Bxf6 exf6 6. Bd3 Bd6 7. Ne2 Bg4 8. h3
Bh5 9. g4 Bg6 10. Bxg6 fxg6 11. c4 dxc4 12. Qc2 O-O 13. Qxg6 Na6 14. O-O b5 15.
a4 Nb4 16. Nf3 Qe8 17. Qf5 Qc8 18. Qg6 Qe8 19. Qb1 Nd3 20. Nh4 f5 21. Nc1 Qe4
22. Nxd3 cxd3 23. Qd1 f4 24. Qf3 Rae8 25. Qxe4 Rxe4 26. Ng2 fxe3 27. fxe3 bxa4
28. Rxf8+ Kxf8 29. Rd1 c5 30. Rxd3 cxd4 31. exd4 Re2 32. Rf3+ Kg8 33. Rf2 Re4
34. Kf1 Rxd4 35. Ne1 Bg3 36. Re2 Bxe1 37. Kxe1 Rd3 38. Re7 a5 39. Ra7 a3 40.
Rxa5 axb2 41. Rb5 Rxh3 42. Rxb2 Rh4 43. Rg2 Rh1+ 44. Kf2 Rd1 45. Kf3 Kf7 46.
Rc2 Rf1+ 47. Kg2 Rf6 48. Rc7+ Kg6 49. Kg3 Rf7 50. Rc6+ Rf6 51. Rc5 Ra6 52. Kh4
Re6 53. Kg3 Re1 54. Rc6+ Kf7 55. Rc7+ Re7 56. Rc6 Re1 1/2-1/2